000 00975aam a2200277 4500
999 _c36992
_d36992
001 6726
003 CO-MdFUSB
005 20190202100515.0
008 170609t1974 xxu||||f |||| 00| 0 eng d
020 _a0-8006-1066-0
040 _aCO-MdFUSB
_bspa
_cCO-MdFUSB
_dCO-MdFUSB
_erda
041 0 _aeng
082 0 4 _aG 260.09
_224
_bM729m
100 1 _aMoltmann, Jürgen
_eautor
245 1 0 _aMan
_b: Christian anthropology in the conflicts of the present
_c/ Jürgen Moltmann ; John Sturdy, Traductor
264 1 _aPhiladelphia, PA., USA :
_bFortress;
_c℗[1974]
264 4 _c©1974
300 _a124 Paginas
_b:
_c;
336 _2rdacontent
_a1
_ba1
337 _2rdamedia
_a2
_b5
338 _2rdacarrier
_a2
_b5
505 _a1. ¿Qué es el hombre? -- 2. El humanismo en una sociedad industrial -- 3. Imágenes del hombre y experimentos -- 4. El hombre y el hijo del hombre -- Notas
650 0 _aTeología práctica
_9180
942 _cBK